[Event "VIE-chT"]
[Site "Hanoi"]
[Date "2023.04.22"]
[Round "8"]
[White "Nguyen, Xuan Bao Minh"]
[Black "Luong, Manh Dung"]
[Result "1-0"]
[WhiteElo "1946"]
[BlackElo "1969"]
[PlyCount "85"]
[EventDate "2023.04.18"]
[EventType "swiss"]
[EventRounds "9"]
[EventCountry "VIE"]
[SourceTitle "EXT 2024"]
[Source "ChessBase"]
[SourceDate "2023.10.10"]
[SourceVersion "1"]
[SourceVersionDate "2023.10.10"]
[SourceQuality "1"]

1. e4 e5 2. Nf3 Bc5 3. Bc4 d6 4. h3 Be6 5. Bb3 Nf6 6. d3 h6 7. Nc3 0-0 8. 0-0 Nbd7 9. Be3 Bb6 10. Kh1 Kh8 11. Bxb6 Nxb6 12. Qd2 Qd7 13. Nh2 Nh5 14. Qd1 Nf4 15. Ne2 Ng6 16. Nf3 f5 17. exf5 Bxf5 18. Ng3 Bxh3 19. gxh3 Qc6 20. Ne4 d5 21. Ned2 e4 22. Nd4 Qd7 23. Qg4 Qxg4 24. hxg4 Rf4 25. dxe4 dxe4 26. Ne6 Rxg4 27. Rg1 Rh4+ 28. Kg2 Rg4+ 29. Kf1 Rxg1+ 30. Kxg1 a5 31. a4 c6 32. Nxe4 Ne5 33. N4c5 Ra7 34. Rd1 Nf3+ 35. Kg2 Nh4+ 36. Kf1 Nf3 37. Rd8+ Kh7 38. Ke2 Ne5 39. Nf8+ Kh8 40. Nfd7+ Kh7 41. Nxe5 Nd5 42. Bxd5 cxd5 43. Ncd3 1-0

[Event "VIE-chT"]
[Site "Hanoi"]
[Date "2023.04.20"]
[Round "4"]
[White "Luong, Manh Dung"]
[Black "Hoang, Canh Huan"]
[Result "0-1"]
[WhiteElo "1969"]
[BlackElo "2382"]
[PlyCount "58"]
[EventDate "2023.04.18"]
[EventType "swiss"]
[EventRounds "9"]
[EventCountry "VIE"]
[SourceTitle "EXT 2024"]
[Source "ChessBase"]
[SourceDate "2023.10.10"]
[SourceVersion "1"]
[SourceVersionDate "2023.10.10"]
[SourceQuality "1"]

1. e4 Nf6 2. Nc3 d6 3. Bc4 c6 4. d4 d5 5. exd5 cxd5 6. Bb3 Nc6 7. Nf3 Bg4 8. Be3 e6 9. Qe2 Bb4 10. 0-0 Bxc3 11. bxc3 Qa5 12. Rab1 Qxc3 13. h3 Bxf3 14. Qxf3 0-0 15. Rfd1 Rfc8 16. Qg3 Ne7 17. Bg5 Nf5 18. Qxc3 Rxc3 19. Bxf6 gxf6 20. Kh2 Rac8 21. Rd2 b6 22. Re1 h5 23. Rg1 Kf8 24. Re1 Kg7 25. Rg1 Kh6 26. g4 Nh4 27. Rg3 Nf3+ 28. Rxf3 Rxf3 29. Kg2 Rcc3 0-1

[Event "VIE-ch U09"]
[Site "Hai Phong"]
[Date "2018.07.11"]
[Round "7"]
[White "Giap, Xuan Cuong"]
[Black "Luong, Manh Dung"]
[Result "1-0"]
[WhiteElo "1922"]
[BlackElo "1921"]
[PlyCount "42"]
[EventDate "2018.07.07"]
[EventType "swiss"]
[EventRounds "9"]
[EventCountry "VIE"]
[SourceTitle "EXT 2019"]
[Source "ChessBase"]
[SourceDate "2018.10.10"]
[SourceVersion "1"]
[SourceVersionDate "2018.10.10"]
[SourceQuality "1"]

1. d4 d5 2. c4 c6 3. Nc3 Bf5 4. Nf3 Nf6 5. Bg5 e6 6. e3 Be7 7. Be2 Nbd7 8. cxd5 cxd5 9. Ne5 Nxe5 10. dxe5 Nd7 11. f4 Bxg5 12. fxg5 Qxg5 13. 0-0 Bh3 14. Bf3 Nxe5 15. Qa4+ Kf8 16. Qb4+ Kg8 17. Qf4 Nxf3+ 18. Qxf3 Bf5 19. e4 d4 20. exf5 dxc3 21. fxe6 fxe6 1-0

[Event "VIE-ch U09"]
[Site "Hai Phong"]
[Date "2018.07.08"]
[Round "3"]
[White "Ha, Quoc Khanh"]
[Black "Luong, Manh Dung"]
[Result "1-0"]
[WhiteElo "1930"]
[BlackElo "1921"]
[PlyCount "35"]
[EventDate "2018.07.07"]
[EventType "swiss"]
[EventRounds "9"]
[EventCountry "VIE"]
[SourceTitle "EXT 2019"]
[Source "ChessBase"]
[SourceDate "2018.10.10"]
[SourceVersion "1"]
[SourceVersionDate "2018.10.10"]
[SourceQuality "1"]

1. e4 d5 2. e5 e6 3. d4 Nc6 4. Nf3 Nge7 5. Bd3 g6 6. 0-0 Bg7 7. h3 0-0 8. Re1 b6 9. Bd2 Bb7 10. Qc1 Nf5 11. Bxf5 exf5 12. Bh6 Bxh6 13. Qxh6 Nb4 14. Na3 Qd7 15. Re2 Qc6 16. Ng5 Rfe8 17. Qxh7+ Kf8 18. Qxf7# 1-0